Welt-Zuckerindustrie (fiskalische Vorzugsbehandlung, Kartelle) und internationales und koloniales Recht

Enregistré dans:
Détails bibliographiques
Format: Livre
Langue:allemand
Publié: Berlin Siemenroth 1904
Tags: Ajouter un tag
Pas de tags, Soyez le premier à ajouter un tag!

MARC

LEADER 00000nam a2200000 4500
001 0307311
005 20250226092417.1
041 0 |a ger 
044 |a DE 
245 1 0 |a Welt-Zuckerindustrie (fiskalische Vorzugsbehandlung, Kartelle) und internationales und koloniales Recht  |c Wilhelm Kaufmann 
264 1 |a Berlin  |b Siemenroth  |c 1904